000 00487nam a22001817a 4500
003 dpl
005 20180717162047.0
008 180717b xxu||||| |||| 00| 0 eng d
020 _a8176488178
_c795.00
035 _aB-158719
040 _adpl
_bEN
_c0
082 _a581
_bSIN
100 _aY K Singh
245 _aTeaching of Botany/
_cby Y K Singh
260 _aNew Delhi
_bAPH Publishing Corporation
_c2005
300 _a348p;
_c21cm.
942 _2ddc
_cEN
_h581
_mSIN
999 _c154210
_d154210